00241nam a2200097Ia 4500008004100000041000800041100001600049245004100065260002900106300000800135240521s2007 xx 000 0 und d aeng aDAVIDSON R. aMILLER'S ANTIUES CHECKLIST FURNITURE bOCTOPUS PUBLISHINGc2007 a192